[Event "CYCC U10"]
[Site "Calgary CAN"]
[Date "2023.07.19"]
[Round "1.162"]
[White "Xu, Ryan"]
[Black "Lu, Samuel"]
[Result "1-0"]
[WhiteElo "1909"]
[BlackElo "969"]
[PlyCount "59"]
[EventDate "2023.07.19"]
[EventType "swiss"]
[EventRounds "7"]
[EventCountry "CAN"]

1. d4 e6 2. c4 f5 3. Nf3 Nf6 4. g3 c5 5. Bg2 Qb6 6. O-O Ne4 7. Nc3 Nxc3 8. bxc3
Be7 9. Ne5 Nc6 10. e4 O-O 11. exf5 Rxf5 12. Be4 Rf8 13. Qh5 g6 14. Nxg6 Rf7 15.
Nxe7+ Nxe7 16. Be3 Nf5 17. Rad1 Qd8 18. d5 Qe7 19. dxe6 dxe6 20. Bg5 Qc7 21.
Rd8+ Qxd8 22. Bxd8 Bd7 23. Bxf5 Rxd8 24. Qg5+ Kf8 25. Qxd8+ Be8 26. Bxe6 Rf3
27. Bd7 Kg7 28. Bxe8 Rxc3 29. Qe7+ Kh6 30. Qf6# 1-0

[Event "CYCC U10"]
[Site "Calgary CAN"]
[Date "2023.07.19"]
[Round "1.163"]
[White "Gong, Edric"]
[Black "Zhu, Elber"]
[Result "0-1"]
[WhiteElo "961"]
[BlackElo "1815"]
[PlyCount "104"]
[EventDate "2023.07.19"]
[EventType "swiss"]
[EventRounds "7"]
[EventCountry "CAN"]

1. c4 e5 2. g3 g6 3. Bg2 Bg7 4. Nc3 f5 5. d3 d6 6. e3 Nf6 7. Nge2 c6 8. Qb3 Na6
9. d4 Qe7 10. e4 exd4 11. Nxd4 Nxe4 12. Nde2 Nxc3 13. bxc3 O-O 14. c5+ d5 15.
Be3 Be6 16. Qa3 Nc7 17. O-O Nb5 18. Qb2 Nxc3 19. Nxc3 d4 20. Bd2 dxc3 21. Bxc3
Bxc3 22. Qxc3 Qg7 23. Qxg7+ Kxg7 24. Rfe1 Kf6 25. a3 Rfd8 26. Rad1 Bd5 27. Bxd5
Rxd5 28. Rxd5 cxd5 29. Rd1 Rd8 30. f4 d4 31. Kf2 Rd7 32. Ke2 Ke6 33. Kd3 Kd5
34. Rc1 Rc7 35. Rc4 Rxc5 36. Rxd4+ Ke6 37. Rb4 b6 38. Rb3 Rc1 39. Kd2 Rg1 40.
Re3+ Kf6 41. h4 h6 42. Kd3 g5 43. Kd4 gxf4 44. gxf4 Rg4 45. Kd5 Rxh4 46. Re6+
Kf7 47. Ke5 Rxf4 48. Rf6+ Kg7 49. Rc6 Ra4 50. Kxf5 Ra5+ 51. Ke6 Rxa3 52. Rc7+
Kg6 0-1

[Event "CYCC U10"]
[Site "Calgary CAN"]
[Date "2023.07.19"]
[Round "1.164"]
[White "Mutyalapati, Modith Aaroh"]
[Black "Surendran, Siddharth"]
[Result "1-0"]
[WhiteElo "1581"]
[BlackElo "961"]
[PlyCount "47"]
[EventDate "2023.07.19"]
[EventType "swiss"]
[EventRounds "7"]
[EventCountry "CAN"]

1. Nf3 Nf6 2. c4 c6 3. Nc3 d5 4. d4 Bf5 5. cxd5 cxd5 6. Qb3 Qd7 7. Ne5 Qc7 8.
e4 dxe4 9. Qxf7+ Kd8 10. Qb3 Rg8 11. Bc4 e6 12. Bxe6 Bxe6 13. Qxe6 Nbd7 14. Bg5
Be7 15. Bxf6 Nxf6 16. d5 Rf8 17. d6 Bxd6 18. O-O-O Ne8 19. Rxd6+ Nxd6 20. Rd1
Qe7 21. Rxd6+ Ke8 22. Qd5 Rd8 23. Qb5+ Rd7 24. Rxd7 1-0

[Event "CYCC U10"]
[Site "Calgary CAN"]
[Date "2023.07.19"]
[Round "1.165"]
[White "He, Hugh"]
[Black "Zhu, Edison"]
[Result "0-1"]
[WhiteElo "957"]
[BlackElo "1501"]
[PlyCount "48"]
[EventDate "2023.07.19"]
[EventType "swiss"]
[EventRounds "7"]
[EventCountry "CAN"]

1. e4 e5 2. Nf3 Nc6 3. Nc3 Nf6 4. d4 exd4 5. Nxd4 Bc5 6. Be3 Bxd4 7. Bxd4 Nxd4
8. Qxd4 O-O 9. Bc4 d6 10. O-O c5 11. Qd3 Be6 12. Rad1 Bxc4 13. Qxc4 Qb6 14. b3
Rfe8 15. Rfe1 Rad8 16. a4 Re7 17. e5 Rxe5 18. Rxe5 dxe5 19. Rxd8+ Qxd8 20. Qxc5
Ne4 21. Qd5 Qg5 22. h4 Nxc3 23. Qxf7+ Kxf7 24. hxg5 Kg6 0-1

[Event "CYCC U10"]
[Site "Calgary CAN"]
[Date "2023.07.19"]
[Round "1.166"]
[White "Yu, Zongyan"]
[Black "Levesque, Remi"]
[Result "1-0"]
[WhiteElo "1493"]
[BlackElo "914"]
[PlyCount "47"]
[EventDate "2023.07.19"]
[EventType "swiss"]
[EventRounds "7"]
[EventCountry "CAN"]

1. e4 e5 2. Nf3 Nf6 3. Nc3 Bb4 4. d3 Bxc3+ 5. bxc3 Nxe4 6. dxe4 O-O 7. Bd3 Re8
8. O-O Re6 9. g3 Rb6 10. Be3 Re6 11. Bc4 Rg6 12. Nxe5 Rf6 13. Bg5 Rd6 14. Bxd8
Rxd1 15. Raxd1 h5 16. Bxf7+ Kf8 17. Bxc7 Ke7 18. f4 d6 19. Bxd6+ Kd8 20. Bf8+
Kc7 21. Be7 Bh3 22. Bd8+ Kc8 23. Ba5 Bxf1 24. Rd8# 1-0

[Event "CYCC U10"]
[Site "Calgary CAN"]
[Date "2023.07.19"]
[Round "1.167"]
[White "Latour, Alex"]
[Black "Wang, Lucas"]
[Result "0-1"]
[WhiteElo "897"]
[BlackElo "1472"]
[PlyCount "50"]
[EventDate "2023.07.19"]
[EventType "swiss"]
[EventRounds "7"]
[EventCountry "CAN"]

1. d4 d5 2. Nf3 Nf6 3. e3 Bf5 4. Bd3 Bg6 5. O-O e6 6. Bb5+ c6 7. Ba4 Nbd7 8. g3
Ne4 9. h4 Bh5 10. Nc3 Nxc3 11. bxc3 Qf6 12. Qd3 Qxf3 13. Qd1 Qxd1 14. Rxd1 Bxd1
15. Rb1 Nb6 16. Bb3 Bd6 17. Bd2 Bf3 18. c4 dxc4 19. Bb4 Bxb4 20. a3 cxb3 21.
axb4 bxc2 22. Rc1 Rd8 23. Rxc2 e5 24. dxe5 Rd1+ 25. Kh2 Rh1# 0-1

[Event "CYCC U10"]
[Site "Calgary CAN"]
[Date "2023.07.19"]
[Round "1.168"]
[White "Bi, William"]
[Black "Sheng, Jack"]
[Result "1-0"]
[WhiteElo "1470"]
[BlackElo "890"]
[PlyCount "107"]
[EventDate "2023.07.19"]
[EventType "swiss"]
[EventRounds "7"]
[EventCountry "CAN"]

1. e4 c5 2. Nf3 d6 3. d4 cxd4 4. Nxd4 Nf6 5. Nc3 g6 6. Be3 Bg7 7. f3 Nc6 8. Qd2
O-O 9. g4 Ne5 10. Be2 Nc6 11. h4 Nxd4 12. Bxd4 e5 13. Be3 Be6 14. O-O-O Qa5 15.
a3 Rfd8 16. Bg5 Rac8 17. Nd5 Qxd2+ 18. Rxd2 Bxd5 19. exd5 h6 20. Be3 a6 21. g5
hxg5 22. Bxg5 e4 23. Bxf6 Bxf6 24. fxe4 Be5 25. h5 Bf4 26. Rg1 Bxd2+ 27. Kxd2
Kh7 28. Rf1 Kg7 29. Rg1 Kf6 30. Rf1+ Ke5 31. Kd3 f5 32. hxg6 fxe4+ 33. Ke3 Rf8
34. Rg1 Rg8 35. c3 Kxd5 36. Rg5+ Ke6 37. Bg4+ Kf6 38. Bxc8 Kxg5 39. Bxb7 Kxg6
40. Bxa6 Kf5 41. Be2 Rg3+ 42. Kd2 Ke5 43. a4 Kd5 44. a5 Kc5 45. b4+ Kc6 46. b5+
Kb7 47. Bc4 Rg5 48. Ke3 Rc5 49. Kd4 e3 50. Be2 Kc7 51. b6+ Kb7 52. Bf3+ Ka6 53.
b7 Rb5 54. Be2 1-0

[Event "CYCC U10"]
[Site "Calgary CAN"]
[Date "2023.07.19"]
[Round "1.169"]
[White "Christopher, Jack"]
[Black "Dunikov, David"]
[Result "0-1"]
[WhiteElo "867"]
[BlackElo "1454"]
[PlyCount "86"]
[EventDate "2023.07.19"]
[EventType "swiss"]
[EventRounds "7"]
[EventCountry "CAN"]

1. e4 e5 2. f4 Bc5 3. Nf3 Nc6 4. Bc4 h6 5. d3 d6 6. c3 Nf6 7. Qe2 Qe7 8. Nbd2
Be6 9. Bxe6 Qxe6 10. f5 Qe7 11. Nb3 Bb6 12. Be3 d5 13. exd5 Nxd5 14. Bxb6 axb6
15. O-O O-O 16. Rfe1 Nf4 17. Qe3 f6 18. d4 Rae8 19. Nc1 Qd7 20. Qd2 Qxf5 21. d5
Ne7 22. c4 Qg4 23. Nd3 Nh3+ 24. Kh1 e4 25. Nb4 exf3 26. gxh3 Qxc4 27. Rg1 f2
28. Rg2 f1=Q+ 29. Rxf1 Qxf1+ 30. Rg1 Qxh3 31. Rg3 Qh4 32. Qc1 Qxb4 33. Qxh6
Qe1+ 34. Kg2 Qe4+ 35. Kh3 Qh7 36. Rxg7+ Qxg7 37. Qh5 Qh7 38. Qxh7+ Kxh7 39. d6
Nf5 40. d7 Re3+ 41. Kg4 Kg6 42. Kf4 Rh8 43. d8=Q Rh4# 0-1

[Event "CYCC U10"]
[Site "Calgary CAN"]
[Date "2023.07.19"]
[Round "1.170"]
[White "Li, Ryan"]
[Black "Moses, Niam"]
[Result "0-1"]
[WhiteElo "1443"]
[BlackElo "860"]
[PlyCount "132"]
[EventDate "2023.07.19"]
[EventType "swiss"]
[EventRounds "7"]
[EventCountry "CAN"]

1. e4 e5 2. Nf3 Nc6 3. d4 exd4 4. Nxd4 Bc5 5. Be3 Qf6 6. c3 Bb6 7. Bc4 Nge7 8.
O-O O-O 9. Re1 d6 10. Nxc6 Nxc6 11. Bxb6 axb6 12. Re3 Ne5 13. Bb3 Re8 14. h3 c5
15. Nd2 b5 16. Bd5 c4 17. b3 cxb3 18. Bxb3 Re7 19. Nf3 Be6 20. Nxe5 Qxe5 21.
Bd5 Ra3 22. Qd3 b4 23. Qc4 Rxc3 24. Rxc3 Qxc3 25. Qxc3 bxc3 26. Bxe6 fxe6 27.
Rc1 Rc7 28. Kf1 d5 29. f3 d4 30. Ke2 Kf7 31. Kd3 e5 32. Rf1 Ke6 33. f4 exf4 34.
Kxd4 b5 35. Rc1 b4 36. Kd3 Ke5 37. Rb1 g5 38. Kc2 Kxe4 39. Rxb4+ Ke3 40. a4 Kf2
41. a5 Kxg2 42. a6 f3 43. Rb7 f2 44. a7 f1=Q 45. a8=Q Qe2+ 46. Kc1 Qd2+ 47. Kb1
c2+ 48. Ka2 c1=Q+ 49. Rb2+ Qc6 50. Rxd2+ Kxh3 51. Qa3+ Kh4 52. Rh2+ Kg4 53. Rb2
Qc4+ 54. Ka1 Qf1+ 55. Rb1 Qf6+ 56. Rb2 Rc1+ 57. Ka2 Qe6+ 58. Rb3 Rc2+ 59. Ka1
Qe1+ 60. Rb1 Qc3+ 61. Qxc3 Rxc3 62. Kb2 Rg3 63. Kc2 Rg2+ 64. Kc3 h5 65. Rb4+
Kh3 66. Kd4 Rg4+ 0-1

[Event "CYCC U10"]
[Site "Calgary CAN"]
[Date "2023.07.19"]
[Round "1.171"]
[White "Deng, Jeffrey"]
[Black "Yao, Lucas"]
[Result "0-1"]
[WhiteElo "837"]
[BlackElo "1419"]
[PlyCount "68"]
[EventDate "2023.07.19"]
[EventType "swiss"]
[EventRounds "7"]
[EventCountry "CAN"]

1. c4 e5 2. e3 Nf6 3. d4 exd4 4. exd4 Bb4+ 5. Bd2 Bxd2+ 6. Nxd2 O-O 7. Ngf3 d5
8. Be2 Nc6 9. O-O Be6 10. cxd5 Nxd5 11. Bc4 Bg4 12. Qb3 Nb6 13. Qc3 Nxc4 14.
Qxc4 Bxf3 15. Nxf3 Qd6 16. Rad1 h6 17. h3 Rad8 18. Rfe1 Qd5 19. Qxd5 Rxd5 20.
Ne5 Nxd4 21. Nf3 Nxf3+ 22. gxf3 Rxd1 23. Rxd1 f5 24. Rd7 Rf7 25. Rd5 Kh7 26.
Kg2 b6 27. Kg3 g5 28. f4 Kg6 29. h4 g4 30. f3 gxf3 31. Kxf3 Re7 32. Rd1 Kh5 33.
Rh1 Rg7 34. Rh3 Rg4 0-1

[Event "CYCC U10"]
[Site "Calgary CAN"]
[Date "2023.07.19"]
[Round "1.172"]
[White "Wu, Bowen"]
[Black "Vallabhajosyula, Srikarthikeya"]
[Result "1-0"]
[WhiteElo "1417"]
[BlackElo "837"]
[PlyCount "91"]
[EventDate "2023.07.19"]
[EventType "swiss"]
[EventRounds "7"]
[EventCountry "CAN"]

1. e4 e5 2. Nf3 Nc6 3. Bb5 Nf6 4. O-O Ng4 5. c3 Bc5 6. d4 exd4 7. cxd4 Bb6 8.
Be3 a6 9. Bc4 O-O 10. h3 Nf6 11. e5 Ne8 12. Bg5 Ne7 13. Nh4 h6 14. Bxe7 Qxe7
15. Ng6 Qb4 16. Nd2 Bxd4 17. Nxf8 Qxf8 18. Qh5 b5 19. Bb3 Bb7 20. Rab1 d6 21.
exd6 Nxd6 22. Nf3 Bf6 23. Ne5 Bxe5 24. Qxe5 Re8 25. Qf4 Re4 26. Qd2 Re5 27. f4
Rh5 28. Rbc1 Qa8 29. Rxc7 Qa7+ 30. Qf2 Qxf2+ 31. Rxf2 Rf5 32. Rd2 Rf6 33. Rxd6
Rxd6 34. Rxb7 Rf6 35. Ra7 g6 36. g3 Kg7 37. Kf2 g5 38. Ke3 gxf4+ 39. gxf4 Kg6
40. Ke4 Kh5 41. Rxf7 Rg6 42. Rf5+ Kh4 43. Bf7 Rc6 44. Kf3 Rc3+ 45. bxc3 Kxh3
46. Rh5# 1-0

[Event "CYCC U10"]
[Site "Calgary CAN"]
[Date "2023.07.19"]
[Round "1.173"]
[White "Schaffer, Gavin"]
[Black "Liu, Zipei"]
[Result "0-1"]
[WhiteElo "823"]
[BlackElo "1364"]
[PlyCount "78"]
[EventDate "2023.07.19"]
[EventType "swiss"]
[EventRounds "7"]
[EventCountry "CAN"]

1. e4 e5 2. Bc4 Bc5 3. Nf3 Nc6 4. O-O Nf6 5. d3 O-O 6. Bg5 h6 7. Bxf6 Qxf6 8.
Nc3 d6 9. Nd5 Qd8 10. Nd2 Be6 11. Nb3 Bb6 12. Nxb6 axb6 13. Bxe6 fxe6 14. d4
exd4 15. Nxd4 Nxd4 16. Qxd4 e5 17. Qd5+ Kh8 18. Qxb7 Rc8 19. c4 Qh4 20. g3 Qg4
21. f3 Qg5 22. a4 Qe3+ 23. Rf2 Qc5 24. Qd5 Qe3 25. Ra3 Qc1+ 26. Kg2 Qg5 27. Qe6
Rfe8 28. Qf5 Qxf5 29. exf5 Rf8 30. g4 g6 31. fxg6 Rf4 32. b3 Kg7 33. a5 bxa5
34. Rxa5 Kxg6 35. h4 h5 36. Kg3 Rcf8 37. gxh5+ Kxh5 38. c5 Rg8+ 39. Kh3 Rxh4#
0-1

[Event "CYCC U10"]
[Site "Calgary CAN"]
[Date "2023.07.19"]
[Round "1.174"]
[White "Chua, Zachary"]
[Black "Maslov, Yan"]
[Result "1-0"]
[WhiteElo "1355"]
[BlackElo "799"]
[PlyCount "53"]
[EventDate "2023.07.19"]
[EventType "swiss"]
[EventRounds "7"]
[EventCountry "CAN"]

1. e4 e5 2. Nf3 Nc6 3. d4 exd4 4. Nxd4 Nf6 5. Nxc6 bxc6 6. Bd3 Bc5 7. O-O O-O
8. Bg5 d5 9. e5 h6 10. exf6 hxg5 11. fxg7 Kxg7 12. Qc1 f6 13. Nc3 Rb8 14. Rb1
Qd6 15. Na4 Bb6 16. Nxb6 cxb6 17. Qd1 Rh8 18. g3 f5 19. f4 gxf4 20. Rxf4 Qc5+
21. Kg2 d4 22. b4 Qd5+ 23. Qf3 Qxa2 24. Rf1 Bb7 25. Rg4+ fxg4 26. Qxg4+ Kh6 27.
Rf6# 1-0

[Event "CYCC U10"]
[Site "Calgary CAN"]
[Date "2023.07.19"]
[Round "1.175"]
[White "Syed, Farhaan"]
[Black "Zhang, Kai Zhongkai"]
[Result "0-1"]
[WhiteElo "794"]
[BlackElo "1341"]
[PlyCount "64"]
[EventDate "2023.07.19"]
[EventType "swiss"]
[EventRounds "7"]
[EventCountry "CAN"]

1. d4 Nf6 2. c4 e6 3. Nc3 Bb4 4. Nf3 O-O 5. Qc2 Nc6 6. a3 Bxc3+ 7. Qxc3 d5 8.
c5 Ne4 9. Qc2 Qf6 10. g3 Nxd4 11. Nxd4 Qxf2+ 12. Kd1 Qxd4+ 13. Ke1 Nf2 14. e3
Qe4 15. Qxe4 Nxe4 16. Bd2 Nxc5 17. Bb4 Nb3 18. Bxf8 Nxa1 19. Bb4 Nc2+ 20. Kd2
Nxb4 21. axb4 a5 22. b5 a4 23. Bd3 a3 24. bxa3 Rxa3 25. e4 dxe4 26. Bxe4 f5 27.
Bd3 b6 28. Rc1 Ra7 29. Ke3 Kf7 30. Kf4 Kf6 31. h3 Ra3 32. Be2 g5# 0-1

[Event "CYCC U10"]
[Site "Calgary CAN"]
[Date "2023.07.19"]
[Round "1.176"]
[White "Wu, Freddie"]
[Black "Radic, Marko"]
[Result "0-1"]
[WhiteElo "1337"]
[BlackElo "766"]
[PlyCount "52"]
[EventDate "2023.07.19"]
[EventType "swiss"]
[EventRounds "7"]
[EventCountry "CAN"]

1. e4 e5 2. Nf3 Nc6 3. Bc4 Nf6 4. d3 Bc5 5. Bg5 d6 6. h3 Be6 7. Nbd2 Qd7 8.
Bxf6 gxf6 9. Bxe6 Qxe6 10. Nh4 O-O-O 11. Qf3 Nd4 12. Qd1 Rdg8 13. c3 Nc6 14.
Qf3 Ne7 15. b4 Bb6 16. a4 a5 17. O-O d5 18. c4 dxc4 19. dxc4 Nc6 20. c5 Ba7 21.
b5 Nd4 22. Qe3 Bxc5 23. Rac1 Ne2+ 24. Qxe2 Qxh3 25. g3 Rxg3+ 26. Ng2 Qxg2# 0-1

[Event "CYCC U10"]
[Site "Calgary CAN"]
[Date "2023.07.19"]
[Round "1.177"]
[White "Kwok, Jayden"]
[Black "Anish, Diganth"]
[Result "0-1"]
[WhiteElo "757"]
[BlackElo "1333"]
[PlyCount "68"]
[EventDate "2023.07.19"]
[EventType "swiss"]
[EventRounds "7"]
[EventCountry "CAN"]

1. e4 c5 2. Nf3 d6 3. d4 cxd4 4. Nxd4 Nf6 5. Nc3 g6 6. Bc4 Bg7 7. Be3 O-O 8.
Qd2 Nc6 9. Nxc6 bxc6 10. f3 Bd7 11. O-O-O Qc8 12. g4 Rb8 13. h4 Qb7 14. Bb3 c5
15. Bxc5 dxc5 16. g5 c4 17. gxf6 Bxf6 18. Qxd7 cxb3 19. cxb3 Qa6 20. Qa4 Qb6
21. Nd5 Qc5+ 22. Qc4 Bxb2+ 23. Kb1 Qxc4 24. bxc4 Be5+ 25. Kc2 Rb2+ 26. Kd3 Bd6
27. Rd2 Rb7 28. h5 e6 29. Nf6+ Kg7 30. Ng4 Bf4 31. Rg2 Rd8+ 32. Kc3 Rbd7 33.
Nf2 Rd2 34. Ra1 Be5+ 0-1

[Event "CYCC U10"]
[Site "Calgary CAN"]
[Date "2023.07.19"]
[Round "1.178"]
[White "Yavorskyi, Yevhen"]
[Black "Liu, William"]
[Result "1-0"]
[WhiteElo "1329"]
[BlackElo "750"]
[PlyCount "81"]
[EventDate "2023.07.19"]
[EventType "swiss"]
[EventRounds "7"]
[EventCountry "CAN"]

1. e4 c6 2. d4 d5 3. exd5 cxd5 4. c4 Nf6 5. Nc3 Bg4 6. Nf3 e6 7. Be2 Nc6 8. c5
Be7 9. O-O O-O 10. h3 Bf5 11. Bd3 Ne4 12. Bf4 Nxc3 13. bxc3 Bxd3 14. Qxd3 Bf6
15. Rab1 Rb8 16. Bxb8 Qxb8 17. Rfe1 e5 18. dxe5 Nxe5 19. Nxe5 Bxe5 20. Qxd5
Bxc3 21. Rxb7 Bxe1 22. Rxb8 Rxb8 23. Qe5 Rd8 24. Qxe1 Kf8 25. c6 Re8 26. Qb4+
Kg8 27. c7 h6 28. Qb8 Rxb8 29. cxb8=Q+ Kh7 30. Qxa7 f5 31. Qf7 f4 32. a4 f3 33.
a5 h5 34. Qxh5+ Kg8 35. a6 fxg2 36. a7 g5 37. a8=R+ Kg7 38. Ra6 g4 39. Qxg4+
Kf7 40. Qd7+ Kf8 41. Ra8# 1-0

[Event "CYCC U10"]
[Site "Calgary CAN"]
[Date "2023.07.19"]
[Round "1.179"]
[White "Zhong, Brian"]
[Black "Yin, Aiden"]
[Result "0-1"]
[WhiteElo "750"]
[BlackElo "1300"]
[PlyCount "66"]
[EventDate "2023.07.19"]
[EventType "swiss"]
[EventRounds "7"]
[EventCountry "CAN"]

1. e4 c5 2. Nf3 g6 3. Nc3 Bg7 4. Bc4 d6 5. d3 Bg4 6. h3 Bxf3 7. Qxf3 Nf6 8. O-O
O-O 9. e5 dxe5 10. Qxb7 Nbd7 11. Bd5 Nb6 12. Bc4 e6 13. Be3 Qc8 14. Qxc8 Raxc8
15. Ba6 Rc6 16. Bb5 Rc7 17. b3 Nfd7 18. Bxd7 Nxd7 19. Na4 e4 20. Rad1 exd3 21.
Rxd3 Ne5 22. Rc3 Nf3+ 23. gxf3 Bxc3 24. Bxc5 Rd8 25. Bd6 Rxd6 26. Nxc3 Rxc3 27.
Rc1 Rd2 28. Re1 Rcxc2 29. Re5 Rxf2 30. Rc5 Rxa2 31. Rc8+ Kg7 32. Ra8 Rfb2 33.
Rxa7 Rb1# 0-1

[Event "CYCC U10"]
[Site "Calgary CAN"]
[Date "2023.07.19"]
[Round "1.180"]
[White "Ramesan, Raunak Amit"]
[Black "Liao, Max"]
[Result "1-0"]
[WhiteElo "1287"]
[BlackElo "742"]
[PlyCount "33"]
[EventDate "2023.07.19"]
[EventType "swiss"]
[EventRounds "7"]
[EventCountry "CAN"]

1. e4 c6 2. d4 d5 3. e5 Bf5 4. Be2 e6 5. h4 h6 6. Be3 Nd7 7. c3 f6 8. f4 Ne7 9.
Nd2 Qc7 10. Bh5+ g6 11. exf6 Nxf6 12. Be2 h5 13. Ngf3 O-O-O 14. Ne5 Re8 15. Qa4
Qb6 16. b4 Nd7 17. Nf7 1-0

[Event "CYCC U10"]
[Site "Calgary CAN"]
[Date "2023.07.19"]
[Round "1.181"]
[White "Li, Markus"]
[Black "Kovalivskyi, Danylo"]
[Result "0-1"]
[WhiteElo "725"]
[BlackElo "1277"]
[PlyCount "83"]
[EventDate "2023.07.19"]
[EventType "swiss"]
[EventRounds "7"]
[EventCountry "CAN"]

1. e4 e5 2. Nf3 Nc6 3. Bc4 Nf6 4. Ng5 d5 5. exd5 Na5 6. d3 h6 7. Nf3 e4 8. Qe2
Qe7 9. Nfd2 Bf5 10. Nc3 exd3 11. Qxe7+ Bxe7 12. Bxd3 Bxd3 13. cxd3 O-O-O 14.
Nc4 Rhe8 15. O-O Bb4 16. Bd2 Nxd5 17. a3 Nxc4 18. dxc4 Nxc3 19. bxc3 Bc5 20.
Bf4 Re4 21. Bg3 Rxc4 22. a4 Rxc3 23. Be5 Bd4 24. Bg3 Rxg3 25. hxg3 Bxa1 26.
Rxa1 Rd4 27. f4 c5 28. Kf2 Kd7 29. Ke3 a5 30. g4 c4 31. g3 Rd3+ 32. Kf2 Kd6 33.
Ke2 Rxg3 34. Rd1+ Rd3 35. Rxd3+ cxd3+ 36. Kd2 Kd5 37. f5 f6 38. Kd1 Kd4 39. Ke1
Ke3 40. Kd1 d2 41. Kc2 Ke2 42. g5 0-1

[Event "CYCC U10"]
[Site "Calgary CAN"]
[Date "2023.07.19"]
[Round "1.182"]
[White "Dembla, Shabd"]
[Black "Delgashev, Victor"]
[Result "1-0"]
[WhiteElo "1274"]
[BlackElo "673"]
[PlyCount "33"]
[EventDate "2023.07.19"]
[EventType "swiss"]
[EventRounds "7"]
[EventCountry "CAN"]

1. d4 d5 2. c4 c6 3. Nf3 Nf6 4. Nc3 dxc4 5. a4 Bf5 6. Bg5 h6 7. Bxf6 exf6 8. e4
Bg4 9. d5 cxd5 10. Qxd5 Qxd5 11. Nxd5 Kd7 12. O-O-O Kc6 13. Bxc4 Bxf3 14. gxf3
Nd7 15. Bb5+ Kd6 16. Bxd7 Kxd7 17. Nb6+ 1-0

[Event "CYCC U10"]
[Site "Calgary CAN"]
[Date "2023.07.19"]
[Round "1.183"]
[White "Jin, Eric"]
[Black "Vu, Huy Minh"]
[Result "0-1"]
[WhiteElo "663"]
[BlackElo "1273"]
[PlyCount "100"]
[EventDate "2023.07.19"]
[EventType "swiss"]
[EventRounds "7"]
[EventCountry "CAN"]

1. c4 e6 2. Nc3 d5 3. cxd5 exd5 4. d4 c5 5. Nf3 Nf6 6. Bg5 Be6 7. e4 cxd4 8.
Nxd4 dxe4 9. Nxe4 Qa5+ 10. Nc3 Qxg5 11. Nxe6 Qe5+ 12. Qe2 Qxe2+ 13. Bxe2 fxe6
14. Rd1 Bb4 15. Rd3 Nc6 16. O-O O-O 17. Rc1 Rad8 18. Nb5 Rxd3 19. Bxd3 Nd5 20.
Bc4 a6 21. Nc3 Bxc3 22. bxc3 Rd8 23. Rd1 Kf7 24. Bxd5 Rxd5 25. Rxd5 exd5 26.
Kf1 Ke6 27. Ke2 Ke5 28. Ke3 b5 29. g4 d4+ 30. cxd4+ Nxd4 31. f4+ Kd5 32. Kd3 b4
33. Kd2 Ke4 34. f5 Kf4 35. h3 Kg3 36. Ke3 b3 37. axb3 Nxb3 38. Kd3 Kxh3 39. Kc3
Kxg4 40. Kxb3 Kxf5 41. Ka4 g5 42. Ka5 g4 43. Kxa6 g3 44. Kb5 g2 45. Kc4 g1=Q
46. Kd3 Qc5 47. Kd2 Ke4 48. Ke2 Qc2+ 49. Kf1 Kf3 50. Ke1 Qe2# 0-1

[Event "CYCC U10"]
[Site "Calgary CAN"]
[Date "2023.07.19"]
[Round "1.184"]
[White "Dave, Jashank"]
[Black "Tsukerman, Leon"]
[Result "0-1"]
[WhiteElo "1265"]
[BlackElo "861"]
[PlyCount "140"]
[EventDate "2023.07.19"]
[EventType "swiss"]
[EventRounds "7"]
[EventCountry "CAN"]

1. e4 c5 2. Nc3 Nc6 3. g3 g6 4. Bg2 Bg7 5. d3 e6 6. Be3 d6 7. f4 Nd4 8. Nf3 Ne7
9. O-O O-O 10. Qd2 Bd7 11. Rab1 Qa5 12. a3 b5 13. Ne2 Qxd2 14. Bxd2 Nxe2+ 15.
Kf2 Nd4 16. Nxd4 Bxd4+ 17. Be3 Bxe3+ 18. Kxe3 d5 19. c3 f5 20. e5 Bc6 21. Ke2
d4 22. Bxc6 Nxc6 23. Rbc1 Rac8 24. c4 bxc4 25. Rxc4 Ne7 26. Rfc1 Rc6 27. b4 Rb8
28. Rxc5 Rbc8 29. Rxc6 Rxc6 30. Rb1 Rc3 31. a4 Ra3 32. a5 Ra4 33. Rc1 Rxb4 34.
Rc7 Kf7 35. a6 Rb2+ 36. Kd1 Ra2 37. Rxa7 Ke8 38. Ra8+ Kd7 39. Ra7+ Kd8 40. Ra8+
Nc8 41. Rb8 Rxa6 42. Rb4 Ra2 43. Rxd4+ Ke7 44. Rc4 Nb6 45. Rc7+ Nd7 46. h4 Rg2
47. Rc8 Rxg3 48. Rh8 Nf8 49. Rg8 Kf7 50. Rxf8+ Kxf8 51. Ke2 Rg4 52. Kf3 Rxh4
53. d4 Rh3+ 54. Ke2 h5 55. d5 Ke7 56. d6+ Kd7 57. Kf2 Rc3 58. Kg2 Rc8 59. Kh3
Rh8 60. Kh4 Kd8 61. d7 Kxd7 62. Kg5 h4 63. Kxg6 h3 64. Kf7 h2 65. Kf6 h1=Q 66.
Kf7 Qh7+ 67. Kf6 Qe7+ 68. Kg6 Rg8+ 69. Kh6 Qg7+ 70. Kh5 Qh7# 0-1

[Event "CYCC U10"]
[Site "Calgary CAN"]
[Date "2023.07.19"]
[Round "1.185"]
[White "Nguyen, Gia Minh"]
[Black "Yin, Andrew"]
[Result "0-1"]
[WhiteElo "658"]
[BlackElo "1171"]
[PlyCount "120"]
[EventDate "2023.07.19"]
[EventType "swiss"]
[EventRounds "7"]
[EventCountry "CAN"]

1. e4 c5 2. Nf3 g6 3. Bc4 Bg7 4. c3 Nf6 5. d3 Nc6 6. O-O O-O 7. Bg5 a6 8. a4 d6
9. Re1 Bg4 10. h3 Bxf3 11. Qxf3 Ne5 12. Qd1 Nxc4 13. dxc4 Nd7 14. Nd2 Ne5 15.
Qc2 f5 16. f4 Nc6 17. Rab1 Qd7 18. b4 cxb4 19. cxb4 Nd4 20. Qd3 Rae8 21. Nb3
Ne6 22. Qd5 Kh8 23. exf5 Nxg5 24. fxg5 Rxf5 25. Qd2 Qxa4 26. Nd4 Bxd4+ 27.
Qxd4+ Kg8 28. Rf1 Qc2 29. Rbc1 Qe2 30. Rxf5 gxf5 31. Qd5+ Kh8 32. Rf1 Qe3+ 33.
Kh1 Qxg5 34. Qxf5 Qxf5 35. Rxf5 Rc8 36. Rf4 Kg7 37. g4 e5 38. Re4 Kg6 39. h4 h5
40. gxh5+ Kf5 41. Re2 Rxc4 42. Rf2+ Ke6 43. Kg2 Rxh4 44. Kg3 Rxh5 45. Rc2 Rf5
46. Rc1 Rf7 47. Rc3 e4 48. Re3 d5 49. Kg4 Ke5 50. Kg5 d4 51. Rb3 e3 52. Kg6 Rf1
53. b5 e2 54. bxa6 bxa6 55. Rb8 e1=Q 56. Re8+ Kd5 57. Rd8+ Kc4 58. Rc8+ Kd3 59.
Rb8 Qg3+ 60. Kh5 Rh1# 0-1

[Event "CYCC U10"]
[Site "Calgary CAN"]
[Date "2023.07.19"]
[Round "1.186"]
[White "Yang, Larry"]
[Black "Singh, Aarav"]
[Result "1-0"]
[WhiteElo "1170"]
[BlackElo "602"]
[PlyCount "57"]
[EventDate "2023.07.19"]
[EventType "swiss"]
[EventRounds "7"]
[EventCountry "CAN"]

1. e4 e5 2. Nf3 Nc6 3. Bc4 Bc5 4. d3 d6 5. O-O Be6 6. Bxe6 fxe6 7. Ng5 Nf6 8.
Nxe6 Qe7 9. Nxc5 dxc5 10. Nc3 Qf7 11. Bg5 Nh5 12. Nd5 O-O 13. Nxc7 Rac8 14. Nd5
Rcd8 15. Bxd8 Rxd8 16. Qd2 Nb4 17. Nxb4 cxb4 18. Qxb4 Qg6 19. Qe7 Ra8 20. Qxe5
Re8 21. Qd5+ Kh8 22. Qf5 Qh6 23. f4 Kg8 24. Qg5 Qb6+ 25. Kh1 Nf6 26. a4 Qxb2
27. Qb5 Qxc2 28. e5 Nh5 29. Qxe8# 1-0

[Event "CYCC U10"]
[Site "Calgary CAN"]
[Date "2023.07.19"]
[Round "1.187"]
[White "Ha, Benjamin"]
[Black "Fung, Ryan"]
[Result "0-1"]
[WhiteElo "601"]
[BlackElo "1096"]
[PlyCount "76"]
[EventDate "2023.07.19"]
[EventType "swiss"]
[EventRounds "7"]
[EventCountry "CAN"]

1. e4 e5 2. Nf3 Nc6 3. Bb5 a6 4. Bxc6 dxc6 5. O-O Bg4 6. h3 Bh5 7. Nc3 Bd6 8.
d3 Ne7 9. Bg5 h6 10. Be3 O-O 11. g4 Bg6 12. Nh4 Bh7 13. a3 Ng6 14. Nf3 Nh4 15.
Nh2 Re8 16. f4 exf4 17. Bxf4 Bxf4 18. Rxf4 Qg5 19. Qf1 Qe7 20. d4 Rad8 21. d5
cxd5 22. Nxd5 Qc5+ 23. Kh1 Bxe4+ 24. Nf3 Nxf3 25. Rxf3 Bxf3+ 26. Qxf3 Qxd5 27.
Qxd5 Rxd5 28. c4 Rd4 29. Rc1 Rd2 30. b3 Ra2 31. a4 Re3 32. Rb1 Ra3 33. Rg1
Rxh3+ 34. Kg2 Rhxb3 35. c5 Ra2+ 36. Kh1 Rxa4 37. g5 Rb2 38. gxh6 Rh4# 0-1

[Event "CYCC U10"]
[Site "Calgary CAN"]
[Date "2023.07.19"]
[Round "1.188"]
[White "Vigneshwaran, Vidyuth"]
[Black "Zhang, Eric"]
[Result "1-0"]
[WhiteElo "1072"]
[BlackElo "468"]
[PlyCount "49"]
[EventDate "2023.07.19"]
[EventType "swiss"]
[EventRounds "7"]
[EventCountry "CAN"]

1. e4 e5 2. Nf3 Nc6 3. Bc4 Bc5 4. O-O Nf6 5. Nc3 O-O 6. d3 d6 7. h3 h6 8. Be3
Bxe3 9. fxe3 Be6 10. Bb3 d5 11. Nxd5 Nxd5 12. exd5 Bxd5 13. Bxd5 Qxd5 14. e4
Qd6 15. Nh4 Qd4+ 16. Kh1 Qxb2 17. Qg4 Kh8 18. Nf5 Rg8 19. Qh5 Kh7 20. Nxh6 gxh6
21. Rxf7+ Rg7 22. Qf5+ Kh8 23. Qf6 Qxa1+ 24. Kh2 Qf1 25. Qxg7# 1-0